| 000 | 00332pam a2200133 a 4500 | ||
|---|---|---|---|
| 020 |
_a0-13-530924-1 _c |
||
| 041 | _h | ||
| 082 |
_a006.6 _bHEA/BAK |
||
| 100 | _aHEARN D.,BAKER M.P., | ||
| 245 |
_aCOMPUTER GRAPHICS : C VERSION _hTextual Documents |
||
| 260 |
_aNEW JERSEY _bPRENTICE-HALL _c1997 |
||
| 300 | _aXX+652 | ||
| 930 | _a11001 | ||
| 999 |
_c130445 _d130445 |
||